000 00225nam a2200097Ia 4500
008 190216s9999||||xx |||||||||||||| ||und||
100 _aKambaranatha Ayyar E
245 0 _aOut Line Of Zoology
260 _bLongmans
942 _cBK
999 _c37321
_d37321